[Event "Forquilhinha op"]
[Site "Forquilhinha"]
[Date "2013.10.11"]
[Round "2"]
[White "Mombach, Eduardo"]
[Black "Boas, Crisolon Terto Vila"]
[Result "0-1"]
[WhiteElo "1800"]
[BlackElo "1594"]
[PlyCount "68"]
[EventDate "2013.10.10"]
[EventType "swiss"]
[EventRounds "7"]
[EventCountry "BRA"]
[SourceTitle "EXT 2014"]
[Source "ChessBase"]
[SourceDate "2013.11.20"]
[SourceVersion "1"]
[SourceVersionDate "2013.11.20"]
[SourceQuality "1"]

1. e4 e6 2. Nc3 Nf6 3. Nf3 Bb4 4. Bc4 Bxc3 5. dxc3 Nxe4 6. Be3 d5 7. Bb5+ c6 8. Ba4 a5 9. b4 Nxc3 10. Bb6 Qd7 11. Ne5 Qd6 12. Bd4 Nxd1 13. Rxd1 Qxb4+ 14. c3 Qxa4 15. 0-0 Nd7 16. Nxd7 Bxd7 17. Bxg7 Rg8 18. Rd4 Qxa2 19. h3 Rxg7 20. Rfd1 Qc2 21. c4 Qg6 22. g3 h5 23. h4 e5 24. R4d2 d4 25. Re1 Qf6 26. Rb2 0-0-0 27. Reb1 b5 28. cxb5 cxb5 29. Ra1 a4 30. Rc2+ Kb7 31. Rac1 Qf3 32. Rc5 f6 33. R1c2 Qd3 34. Ra2 Bc6 0-1